| 000 | 01103nam0a22002651 4500 | ||
|---|---|---|---|
| 001 | rc\2655161 | ||
| 005 | 20250529192533.0 | ||
| 035 | _a(NLR Aleph) 006962451 | ||
| 090 |
_a5358200 _c5358200 |
||
| 100 | _a20110614d1930 |||y0rusy50 ca | ||
| 101 | 0 | _arus | |
| 102 | _aRU | ||
| 105 | _ay z ||||| | ||
| 200 | 1 | _aИз воспоминаний | |
| 210 |
_aКазань _cГос. ун-т _d[1930] |
||
| 215 |
_a879-885 с. _d21 см |
||
| 300 | _aБез тит. л. Описано по обл. | ||
| 300 | _a"Ученые записки Казанск. гос. ун-та им. В.И. Ульянова-Ленина. Отв. ред. проф. В.М. Груздев. Ред. коллегия: Проф. А.Е. Арбузов, Г.Б. Богаутдинов, проф. Н.-Б.З. Векслин ... [и др.]. Отд. отт. из т. 90, кн. 5 за 1930 г. | ||
| 300 | _aС автогр. авт. | ||
| 700 | 1 |
_aЛаврский _bК.В. _gКонстантин Викторович |
|
| 801 | 0 |
_aRU _bNLR _gpsbo |
|
| 801 | 1 |
_aRU _bELAR _2rusmarc |
|
| 852 |
_aNLR _jПр50 В-4/4 |
||
| 942 | _cBOOK | ||
| 980 | _aNB | ||